À qui le tableau? - Statistiques

Statistiques générales
  • Ce quiz a été pris 493 fois
  • Le résultat moyen est 9 sur 15
Statistiques - réponses
Par images Réponse % Correct
Leonard DeVinci
100%
Vincent Van Gogh
87%
Michel Ange
82%
Pablo Picasso
82%
Claude Monet
80%
Eugène Delacroix
78%
Johannes Vermeer
63%
Gustav Klimt
58%
Paul Gauguin
49%
Pierre-Auguste Renoir
48%
Henri Matisse
44%
Diego Vélasquez
37%
Henri De Toulouse-Lautrec
28%
Edgar Degas
26%
James Whistler
7%
Aucun quiz correspondant
Distribution des résultats
% des personnes avec chaque résultat
Percentile par nombre de réponses
Votre historique - résultats
Vous n’avez pas pris ce quiz